Ekonomické hodnotenie životného prostredia Prístupy a metódy

Salvato in:
Dettagli Bibliografici
Autore principale: Kluvánková-Oravská, Tatiana
Natura: Libro
Lingua:slovacco
Pubblicazione: Bratislava Prognostický ústav SAV 1997
Edizione:1. vyd.
Serie:Diskusné materiály č. 2
Soggetti:
Tags: Aggiungi Tag
Nessun Tag, puoi essere il primo ad aggiungerne!!

MARC

LEADER 00000nam a2200000 4500
001 c020102
005 20221214070917.7
041 0 |a slo 
044 |a SK 
245 1 0 |a Ekonomické hodnotenie životného prostredia  |b Prístupy a metódy  |c Tatiana Kluvánková 
250 |a 1. vyd. 
264 1 |a Bratislava  |b Prognostický ústav SAV  |c 1997 
300 |a 28 s. 
490 1 |a Diskusné materiály  |v č. 2 
830 0 |a Diskusné materiály  |v č. 2 
610 2 0 |a prostredie životné 
610 2 0 |a environmentalistika 
610 2 0 |a ochrana prostredia životného 
610 2 0 |a Slovensko 
100 1 |a Kluvánková-Oravská, Tatiana